Countries With J In Their Name - Statistics

General Stats
  • This quiz has been taken 90 times
  • The average score is 5 of 7
Answer Stats
Continent Country % Correct
Asia Japan
92%
North America Jamaica
89%
Asia Jordan
85%
Africa Djibouti
67%
Asia Azerbaijan
65%
Oceania Fiji
65%
Asia Tajikistan
60%
No matching quizzes found
Score Distribution
Percent of People with Each Score
Percentile by Number Answered
Your Score History
You have not taken this quiz